Alaska Gubernatorial/Governor Elections - Statistics

General Stats
  • This quiz has been taken 9 times
  • The average score is 5 of 11
Answer Stats
Year Party Percent Answer % Correct
2006 R 48.3% Sarah Palin
100%
2022 I 20.7% Bill Walker
75%
2002 R 55.9% Frank Murkowski
75%
2018 D 44.4% Mark Begich
50%
2022 R 50.3% Mike Dunleavy
50%
2006 I 9.5% Andrew Halcro
25%
2002 D 40.7% Fran Ulmer
25%
2022 D 24.2% Les Gara
25%
2014 R 45.9% Sean Parnell
25%
2010 D 37.7% Ethan Berkowitz
0%
2006 D 41.0% Tony Knowles
0%
No matching quizzes found
Score Distribution
Percent of People with Each Score
Percentile by Number Answered
Your Score History
You have not taken this quiz